000 01305cam a22003011i 4500
001 gs 36000149
003 DLC
005 20260227111340.0
008 760330s1936 pauab s001 0 eng
010 _ags 36000149
035 _a(OCoLC)2079039
040 _aDLC
_cPSrS
_dOCoLC
_dPSt
_dOCoLC
_dDLC
050 0 0 _aGB1025.P4
_bL4
100 1 _aLeggette, R. M.
_q(Ralph Maxwell),
_d1899-
245 1 0 _aGround water in northwestern Pennsylvania /
_cby R. M. Leggette, with analyses by Margaret D. Foster, W. L. Lamar, and S. K. Love.
260 _aHarrisburg :
_bPa. Dept. of Internal Affairs, Topographic and Geologic Survey,
_c1936.
300 _aiv, 215 p. :
_bill., tables, diagrs., 4 fold. maps (in pocket) ;
_c24 cm.
490 1 _aPennsylvania. Bureau of Topographic and Geologic Survey. Bulletin W3
500 _aPrepared in cooperation between the United States Geological Survey and the Pennsylvania Topographic and Geologic Survey.
504 _aBibliography: p. 3-5.
650 0 _aGroundwater
_zPennsylvania.
650 0 _aGeology
_zPennsylvania.
700 1 _aFoster, Margaret D.
_q(Margaret Dorothy),
_d1895-
700 1 _aLamar, William L.
_q(William Luther),
_d1905-
700 1 _aLove, S. K.
_q(Samuel Kenneth),
_d1903-
710 2 _aGeological Survey (U.S.)
830 0 _aBulletin W ;
_v3.
999 _c27262
_d27262